000 00591nam a2200217 a 4500
001 61131
003 BD-RjUL
005 20211209080926.0
008 170115s1966 pak b s000 0 eng
035 _a(BD-RjUL)61255
040 _aDLC
_cDLC
_dBD-RjUL
_beng
041 _aeng
082 0 0 _a658.15
_223
_bPIS 1966
100 _aPinto
_9182425
245 _aA study of financial administration /
_cPinto
260 _aKarachi :
_bAsian Book Centre,
_c1966.
300 _aiv, 168 p. ;
_c19 cm.
504 _aInclude Bibliography
650 _aFinancial Management.
_9179773
942 _2ddc
_cBK
999 _c61131
_d61131